[Event "BL2-Ost 2223"]
[Site "Germany"]
[Date "2023.02.25"]
[Round "7.4"]
[White "Schreiner, Peter"]
[Black "Slobodjan, Roman"]
[Result "1/2-1/2"]
[WhiteElo "2393"]
[BlackElo "2442"]
[PlyCount "80"]
[EventDate "2022.10.22"]
[EventType "team-tourn"]
[EventRounds "10"]
[EventCountry "GER"]
[SourceTitle "EXT 2024"]
[Source "ChessBase"]
[SourceDate "2023.10.10"]
[SourceVersion "1"]
[SourceVersionDate "2023.10.10"]
[SourceQuality "1"]
[WhiteTeam "Passau"]
[BlackTeam "Nickelhuette Aue"]
[WhiteTeamCountry "GER"]
[BlackTeamCountry "GER"]

1. d4 d5 2. c4 e6 3. Nf3 Nd7 4. e3 c6 5. b3 f5 6. Bd3 Qf6 7. Qc2 Nh6 8. 0-0 Bd6 9. Ba3 Bb8 10. Nc3 Kf7 11. Rae1 Nb6 12. Re2 Bd7 13. Rfe1 Kg8 14. Bc5 Nf7 15. a4 Nc8 16. a5 Ncd6 17. Ne5 Be8 18. cxd5 exd5 19. f4 Ne4 20. Ba3 a6 21. Na4 Bc7 22. b4 Nfd6 23. Bb2 Bh5 24. Nf3 Re8 25. Rf1 Qh6 26. Ree1 Bxf3 27. gxf3 Qg6+ 28. Kh1 Nf6 29. Rg1 Qh5 30. Qf2 g6 31. Nc5 Kf7 32. Bc1 Re7 33. Bc2 Rhe8 34. Bb3 Kf8 35. Nd3 Nf7 36. Ne5 Qh6 37. Rg3 Nh5 38. Rg2 Nd6 39. Reg1 Rg7 40. Bd2 Bd8 1/2-1/2

[Event "BL2-Ost 2122"]
[Site "Germany"]
[Date "2022.07.03"]
[Round "10.2"]
[White "Sedlak, Nikola"]
[Black "Slobodjan, Roman"]
[Result "1-0"]
[WhiteElo "2476"]
[BlackElo "2459"]
[PlyCount "91"]
[EventDate "2022.03.05"]
[EventType "team-tourn"]
[EventRounds "10"]
[EventCountry "GER"]
[SourceTitle "EXT 2023"]
[Source "ChessBase"]
[SourceDate "2022.10.05"]
[SourceVersion "1"]
[SourceVersionDate "2022.10.05"]
[SourceQuality "1"]
[WhiteTeam "Deggendorf"]
[BlackTeam "Nickelhuette Aue"]
[WhiteTeamCountry "GER"]
[BlackTeamCountry "GER"]

1. e4 e5 2. Bc4 Nf6 3. d3 c6 4. Nf3 Be7 5. 0-0 d6 6. Re1 h6 7. Bb3 Bg4 8. Nbd2 Nh7 9. Nf1 Ng5 10. Bxg5 Bxg5 11. h3 Bxf3 12. Qxf3 Qf6 13. Qe2 Nd7 14. g3 Qe7 15. h4 Bf6 16. c3 Nc5 17. Bc2 h5 18. Ne3 Ne6 19. b4 g5 20. Nf5 Qc7 21. hxg5 Bxg5 22. d4 h4 23. dxe5 hxg3 24. Nxd6+ Ke7 25. Nf5+ Ke8 26. fxg3 Qxe5 27. Qf3 Rd8 28. Rad1 Bd2 29. Rf1 Ng5 30. Qe2 Qxc3 31. Bb3 Rd3 32. Kg2 Rh3 33. Qg4 Qb2 34. Rf2 Qh8 35. Bxf7+ Kxf7 36. Ne3+ Ke8 37. Nf1 Rdxg3+ 38. Nxg3 Rh2+ 39. Kf1 Rxf2+ 40. Kxf2 Qh2+ 41. Kf1 Nf7 42. Qg8+ Ke7 43. Nf5+ Kf6 44. Qg7+ Ke6 45. Qg6+ Ke5 46. Qxf7 1-0

[Event "BL2-Ost 2122"]
[Site "Germany"]
[Date "2022.07.02"]
[Round "9.2"]
[White "Slobodjan, Roman"]
[Black "Klek, Hanna Marie"]
[Result "1/2-1/2"]
[WhiteElo "2459"]
[BlackElo "2373"]
[PlyCount "103"]
[EventDate "2022.03.05"]
[EventType "team-tourn"]
[EventRounds "10"]
[EventCountry "GER"]
[SourceTitle "EXT 2023"]
[Source "ChessBase"]
[SourceDate "2022.10.05"]
[SourceVersion "1"]
[SourceVersionDate "2022.10.05"]
[SourceQuality "1"]
[WhiteTeam "Nickelhuette Aue"]
[BlackTeam "Erlangen"]
[WhiteTeamCountry "GER"]
[BlackTeamCountry "GER"]

1. e4 e5 2. Bc4 Nf6 3. d4 exd4 4. Nf3 Nc6 5. e5 d5 6. Bb5 Ne4 7. Nxd4 Bd7 8. Bxc6 bxc6 9. 0-0 Be7 10. f3 Nc5 11. Be3 0-0 12. Nc3 f6 13. exf6 Rxf6 14. Qd2 h6 15. Bf4 Bd6 16. Bxd6 cxd6 17. Rae1 Qb6 18. Re7 Re8 19. Rxe8+ Bxe8 20. b3 Bg6 21. Nce2 Nd7 22. Nf4 Bf7 23. c3 a5 24. Kh1 Ne5 25. Re1 Qb7 26. Nd3 c5 27. Nxe5 dxe5 28. Nc2 a4 29. Rxe5 axb3 30. axb3 Qxb3 31. h3 Ra6 32. Ne3 Qb1+ 33. Kh2 Ra2 34. Qd1 Qxd1 35. Nxd1 Rd2 36. Ne3 Rd3 37. Nf5 Rxc3 38. Ne7+ Kf8 39. Nxd5 Bxd5 40. Rxd5 Ke7 41. Kg3 Rc2 42. f4 c4 43. Rd4 Ke6 44. Kf3 h5 45. g4 Rc3+ 46. Ke4 Rxh3 47. Rxc4 hxg4 48. f5+ Kd6 49. Kf4 g3 50. Kf3 Ke5 51. Kg2 Rh5 52. Kxg3 1/2-1/2

[Event "BL2-Ost 2122"]
[Site "Germany"]
[Date "2022.05.01"]
[Round "4.3"]
[White "Slobodjan, Roman"]
[Black "Bromberger, Stefan"]
[Result "1/2-1/2"]
[WhiteElo "2459"]
[BlackElo "2481"]
[PlyCount "27"]
[EventDate "2022.03.05"]
[EventType "team-tourn"]
[EventRounds "10"]
[EventCountry "GER"]
[SourceTitle "EXT 2023"]
[Source "ChessBase"]
[SourceDate "2022.10.05"]
[SourceVersion "1"]
[SourceVersionDate "2022.10.05"]
[SourceQuality "1"]
[WhiteTeam "Nickelhuette Aue"]
[BlackTeam "Muenchen Zugzwang"]
[WhiteTeamCountry "GER"]
[BlackTeamCountry "GER"]

1. e4 c5 2. Nf3 d6 3. d4 cxd4 4. Nxd4 Nf6 5. Nc3 a6 6. a3 e6 7. Bc4 Nxe4 8. Nxe4 d5 9. Bg5 Be7 10. Bxe7 Qxe7 11. Qe2 dxc4 12. Qxc4 0-0 13. 0-0-0 e5 14. Ne2 1/2-1/2

[Event "BL2-Ost 2122"]
[Site "Germany"]
[Date "2022.03.05"]
[Round "1.3"]
[White "Slobodjan, Roman"]
[Black "Schneider, Jana"]
[Result "0-1"]
[WhiteElo "2459"]
[BlackElo "2338"]
[PlyCount "156"]
[EventDate "2022.03.05"]
[EventType "team-tourn"]
[EventRounds "10"]
[EventCountry "GER"]
[SourceTitle "EXT 2023"]
[Source "ChessBase"]
[SourceDate "2022.10.05"]
[SourceVersion "1"]
[SourceVersionDate "2022.10.05"]
[SourceQuality "1"]
[WhiteTeam "Nickelhuette Aue"]
[BlackTeam "Regensburg Bavaria"]
[WhiteTeamCountry "GER"]
[BlackTeamCountry "GER"]

1. e4 e5 2. Nf3 Nc6 3. d4 exd4 4. Bc4 Bc5 5. c3 Nf6 6. e5 d5 7. Bb5 Ne4 8. cxd4 Bb6 9. Be3 0-0 10. Nc3 Bf5 11. 0-0 Ne7 12. Nh4 f6 13. Na4 fxe5 14. Nxb6 axb6 15. dxe5 Nc5 16. g4 Be6 17. f4 d4 18. Qxd4 Qxd4 19. Bxd4 Bxg4 20. Rac1 Rad8 21. Bxc5 bxc5 22. Rxc5 Bh3 23. Rf3 Rd1+ 24. Kf2 Bg4 25. Bc4+ Kh8 26. Rd3 Rxf4+ 27. Ke3 g5 28. Rxd1 Bxd1 29. Ng2 Nf5+ 30. Kd2 Rd4+ 31. Bd3 Bf3 32. e6 Nd6 33. Ke3 Rd5 34. Rc2 Rxd3+ 35. Kxd3 Be4+ 36. Kc3 Bxc2 37. Kxc2 Kg7 38. Ne3 c6 39. Ng4 h5 40. Ne5 Kf6 41. Nf3 g4 42. Nd4 c5 43. Ne2 h4 44. Nf4 Kf5 45. Ng2 h3 46. Ne3+ Kf4 47. Kd3 g3 48. hxg3+ Kf3 49. Nf1 Kf2 50. Nh2 Kg2 51. Ng4 Kxg3 52. Ne3 Kf3 53. Nf1 Nf5 54. a4 c4+ 55. Kd2 b6 56. Nh2+ Kf4 57. Nf1 Ke5 58. Kc3 Kxe6 59. Kb4 Nd6 60. b3 cxb3 61. Kxb3 Kd5 62. Kb4 Kc6 63. Nh2 Ne8 64. Kc4 Kb7 65. Kd4 Ka6 66. Ke3 Ka5 67. Kf3 Kxa4 68. Ng4 b5 69. Ne5 Nd6 70. Kg3 Nc4 71. Nd3 Kb3 72. Kxh3 Kc3 73. Nc5 Nb6 74. Kg3 b4 75. Kf3 Kc4 76. Nb7 Kd4 77. Ke2 b3 78. Kd1 Nc4 0-1

[Event "CZE-chT 2122"]
[Site "Czech Republic"]
[Date "2022.02.26"]
[Round "11.1"]
[White "Slobodjan, Roman"]
[Black "Blahynka, Martin"]
[Result "1-0"]
[WhiteElo "2457"]
[BlackElo "2399"]
[PlyCount "83"]
[EventDate "2021.10.15"]
[EventType "team-tourn"]
[EventRounds "15"]
[EventCountry "CZE"]
[SourceTitle "EXT 2023"]
[Source "ChessBase"]
[SourceDate "2022.10.05"]
[SourceVersion "1"]
[SourceVersionDate "2022.10.05"]
[SourceQuality "1"]
[WhiteTeam "Lysa nad Labem"]
[BlackTeam "Brno Duras"]
[WhiteTeamCountry "CSR"]
[BlackTeamCountry "CZE"]

1. e4 c5 2. Nf3 d6 3. d4 cxd4 4. Nxd4 Nf6 5. Nc3 a6 6. a3 e5 7. Nf5 d5 8. Bg5 d4 9. Bxf6 Qxf6 10. Nd5 Qd8 11. Qg4 Bxf5 12. Qxf5 Bd6 13. h4 Nc6 14. Bc4 0-0 15. Rh3 Kh8 16. h5 Rc8 17. Rg3 h6 18. Qg4 Rg8 19. Rf3 Rf8 20. Rd1 Nb4 21. axb4 Rxc4 22. c3 Qg5 23. Qd7 Rd8 24. Qxf7 Qxg2 25. Rg3 Qxe4+ 26. Kf1 Qh1+ 27. Ke2 Qe4+ 28. Kf1 Qh1+ 29. Rg1 Qh3+ 30. Ke1 Qd7 31. Rxg7 Qxf7 32. Rxf7 b5 33. Ke2 Bb8 34. Ne7 Re8 35. Rg1 Rc7 36. Rgg7 Rexe7 37. Rxe7 dxc3 38. bxc3 Rxc3 39. Rh7+ Kg8 40. Reg7+ Kf8 41. Rb7 Kg8 42. Rxh6 1-0

[Event "CZE-chT 2122"]
[Site "Czech Republic"]
[Date "2021.12.19"]
[Round "6.6"]
[White "Konopka, Michal"]
[Black "Slobodjan, Roman"]
[Result "1/2-1/2"]
[WhiteElo "2381"]
[BlackElo "2457"]
[PlyCount "26"]
[EventDate "2021.10.15"]
[EventType "team-tourn"]
[EventRounds "15"]
[EventCountry "CZE"]
[SourceTitle "EXT 2023"]
[Source "ChessBase"]
[SourceDate "2022.10.05"]
[SourceVersion "1"]
[SourceVersionDate "2022.10.05"]
[SourceQuality "1"]
[WhiteTeam "Kromeriz Slavia"]
[BlackTeam "Lysa nad Labem"]
[WhiteTeamCountry "CZE"]
[BlackTeamCountry "CSR"]

1. Nf3 Nf6 2. c4 g6 3. g3 Bg7 4. Bg2 0-0 5. d4 d6 6. 0-0 Nc6 7. Nc3 a6 8. Bf4 Bg4 9. Rc1 Nd7 10. Be3 Bxf3 11. exf3 e5 12. dxe5 Ncxe5 13. b3 Nc5 1/2-1/2

[Event "BL2-Ost 1920"]
[Site "Germany"]
[Date "2019.10.19"]
[Round "1.4"]
[White "Slobodjan, Roman"]
[Black "Koepke, Christian"]
[Result "1/2-1/2"]
[WhiteElo "2452"]
[BlackElo "2332"]
[PlyCount "88"]
[EventDate "2019.10.19"]
[EventType "team-tourn"]
[EventRounds "11"]
[EventCountry "GER"]
[SourceTitle "CBM 194 Extra"]
[Source "ChessBase"]
[SourceDate "2020.03.31"]
[SourceVersion "1"]
[SourceVersionDate "2020.03.31"]
[SourceQuality "1"]
[WhiteTeam "Nickelhuette Aue"]
[BlackTeam "Garching"]
[WhiteTeamCountry "GER"]
[BlackTeamCountry "GER"]

1. e4 c6 2. d4 d5 3. Nd2 dxe4 4. Nxe4 Nf6 5. Nxf6+ exf6 6. c3 Bd6 7. Bd3 0-0 8. Qc2 Re8+ 9. Ne2 h5 10. Be3 Nd7 11. 0-0-0 Nf8 12. Nf4 Bxf4 13. Bxf4 Be6 14. c4 b5 15. d5 cxd5 16. c5 Qa5 17. Kb1 Nd7 18. Bh7+ Kh8 19. Rd4 Ne5 20. Bxe5 fxe5 21. Rh4 Qd8 22. g3 Bg4 23. Rxg4 hxg4 24. h3 Re6 25. hxg4 Rh6 26. Rxh6 gxh6 27. Bf5 a6 28. f4 Qe7 29. g5 exf4 30. Qc3+ Kg8 31. gxh6 d4 32. h7+ Kh8 33. Qxd4+ f6 34. gxf4 Rd8 35. Qg1 Qe2 36. Bc2 Re8 37. b3 Qd2 38. Qg6 Re1+ 39. Kb2 Qd4+ 40. Ka3 Qxc5+ 41. Kb2 Qd4+ 42. Ka3 Qd5 43. Kb2 Qd4+ 44. Ka3 Qc5+ 1/2-1/2

[Event "BL2-Ost 1819"]
[Site "Germany"]
[Date "2019.03.24"]
[Round "10.4"]
[White "Schnider, Gert"]
[Black "Slobodjan, Roman"]
[Result "1-0"]
[WhiteElo "2424"]
[BlackElo "2465"]
[PlyCount "63"]
[EventDate "2018.11.10"]
[EventType "team-tourn"]
[EventRounds "10"]
[EventCountry "GER"]
[SourceTitle "CBM 190 Extra"]
[Source "ChessBase"]
[SourceDate "2019.07.15"]
[SourceVersion "1"]
[SourceVersionDate "2019.07.15"]
[SourceQuality "1"]
[WhiteTeam "Muenchen SC"]
[BlackTeam "Aue Nickelhuette"]
[WhiteTeamCountry "GER"]
[BlackTeamCountry "GER"]

1. e4 e5 2. Nf3 Nc6 3. Bc4 Nf6 4. Ng5 d5 5. exd5 Na5 6. Bb5+ c6 7. dxc6 bxc6 8. Bd3 Nd5 9. h4 f5 10. Be2 Qf6 11. d4 exd4 12. 0-0 Bc5 13. Bh5+ g6 14. Qe1+ Be7 15. Bf3 Nc4 16. Qe2 Ncb6 17. Re1 0-0 18. c4 dxc3 19. Nxc3 Bd6 20. Bd2 Rb8 21. Nxd5 cxd5 22. Qd3 d4 23. a4 Bd7 24. a5 Nc8 25. Bd5+ Kh8 26. Nf3 Ne7 27. Bg5 Qg7 28. Be6 Bxe6 29. Rxe6 Nc8 30. Nxd4 Bc5 31. Bf4 Bxd4 32. Bxb8 1-0

[Event "BL2-Ost 1819"]
[Site "Germany"]
[Date "2019.02.03"]
[Round "6.4"]
[White "Slobodjan, Roman"]
[Black "Sandner, Gunter"]
[Result "0-1"]
[WhiteElo "2465"]
[BlackElo "2274"]
[PlyCount "122"]
[EventDate "2018.11.10"]
[EventType "team-tourn"]
[EventRounds "10"]
[EventCountry "GER"]
[SourceTitle "CBM 190 Extra"]
[Source "ChessBase"]
[SourceDate "2019.07.15"]
[SourceVersion "1"]
[SourceVersionDate "2019.07.15"]
[SourceQuality "1"]
[WhiteTeam "Aue Nickelhuette"]
[BlackTeam "Plauen Koenig"]
[WhiteTeamCountry "GER"]
[BlackTeamCountry "GER"]

1. e4 c5 2. Nf3 Nc6 3. d4 cxd4 4. Nxd4 Nf6 5. Nc3 e5 6. Ndb5 d6 7. Nd5 Nxd5 8. exd5 Ne7 9. c4 Ng6 10. Qa4 Bd7 11. Qb4 Bf5 12. Be3 Be7 13. c5 0-0 14. Nxd6 Bxd6 15. cxd6 Nf4 16. Rd1 Qh4 17. Bxf4 exf4 18. Be2 Rfe8 19. Rd2 Bd3 20. d7 Bxe2 21. dxe8Q+ Rxe8 22. Rd4 Bf3+ 23. Kd2 Qxf2+ 24. Kc1 Rc8+ 25. Rc4 Qe3+ 26. Kb1 Qd3+ 27. Ka1 Qxc4 28. Qxc4 Rxc4 29. gxf3 Rd4 30. Rc1 g5 31. b4 Rxd5 32. Rc7 Rb5 33. a3 a5 34. bxa5 Rxa5 35. Ka2 Rb5 36. a4 Rb6 37. Rc5 h6 38. h4 Rg6 39. hxg5 hxg5 40. a5 f6 41. Rc8+ Kh7 42. Rf8 g4 43. fxg4 f3 44. Rf7+ Kh6 45. Rxb7 Rxg4 46. Rb3 Rf4 47. a6 f2 48. Rb1 Ra4+ 49. Kb3 Rxa6 50. Rf1 Rc6 51. Rxf2 Kg5 52. Rg2+ Kf4 53. Rg6 Ke5 54. Rh6 Rc1 55. Kb2 Rc5 56. Rh1 f5 57. Re1+ Kf4 58. Kb3 Kf3 59. Kb4 Rc2 60. Kb3 Re2 61. Rf1+ Ke4 0-1

[Event "BL2-Ost 1819"]
[Site "Germany"]
[Date "2018.12.14"]
[Round "8.4"]
[White "Slobodjan, Roman"]
[Black "Krensing, Jan"]
[Result "1/2-1/2"]
[WhiteElo "2465"]
[BlackElo "2356"]
[PlyCount "66"]
[EventDate "2018.11.10"]
[EventType "team-tourn"]
[EventRounds "10"]
[EventCountry "GER"]
[SourceTitle "CBM 190 Extra"]
[Source "ChessBase"]
[SourceDate "2019.07.15"]
[SourceVersion "1"]
[SourceVersionDate "2019.07.15"]
[SourceQuality "1"]
[WhiteTeam "Aue Nickelhuette"]
[BlackTeam "Bindlach"]
[WhiteTeamCountry "GER"]
[BlackTeamCountry "GER"]

1. e4 c6 2. c4 d5 3. exd5 cxd5 4. cxd5 Nf6 5. Qa4+ Nbd7 6. Nc3 g6 7. Bc4 Bg7 8. d3 a6 9. Nf3 0-0 10. Be3 Rb8 11. Bb3 b5 12. Qh4 Bb7 13. 0-0 Nb6 14. Bh6 Bxd5 15. Nxd5 Nbxd5 16. Rfe1 e6 17. Bg5 Qd6 18. d4 Rfc8 19. Rac1 a5 20. a3 a4 21. Bc2 b4 22. Bxa4 bxa3 23. bxa3 Qxa3 24. Bc6 Qd6 25. Ne5 Rc7 26. Bxd5 Nxd5 27. Rxc7 Qxc7 28. Rc1 Qb7 29. Nf3 Rc8 30. Rxc8+ Qxc8 31. Bh6 Bf6 32. Qe4 Qc7 33. g3 Bg7 1/2-1/2

[Event "BL2-Ost 1819"]
[Site "Germany"]
[Date "2018.11.11"]
[Round "2.4"]
[White "Slobodjan, Roman"]
[Black "Renner, Christoph"]
[Result "0-1"]
[WhiteElo "2465"]
[BlackElo "2337"]
[PlyCount "70"]
[EventDate "2018.11.10"]
[EventType "team-tourn"]
[EventRounds "10"]
[EventCountry "GER"]
[SourceTitle "CBM 190 Extra"]
[Source "ChessBase"]
[SourceDate "2019.07.15"]
[SourceVersion "1"]
[SourceVersionDate "2019.07.15"]
[SourceQuality "1"]
[WhiteTeam "Aue Nickelhuette"]
[BlackTeam "Garching"]
[WhiteTeamCountry "GER"]
[BlackTeamCountry "GER"]

1. d4 f5 2. Bg5 g6 3. h4 Bg7 4. e3 d6 5. Nc3 Nc6 6. d5 Ne5 7. Nge2 c6 8. Nd4 Qb6 9. Nb3 Nf6 10. Be2 Nf7 11. Bf4 0-0 12. h5 Nxd5 13. Nxd5 cxd5 14. hxg6 hxg6 15. Qxd5 Bxb2 16. Rb1 Bc3+ 17. Kf1 Qc6 18. Qd3 e5 19. Nd4 Bxd4 20. exd4 exf4 21. Qh3 Kg7 22. Qh7+ Kf6 23. Bb5 Qxc2 24. Re1 Rh8 25. Qxf7+ Kxf7 26. Rxh8 a6 27. Be2 Kg7 28. Re8 Qxa2 29. Rc1 b5 30. Bf3 Rb8 31. Rd8 b4 32. Rc7+ Kh6 33. Kg1 b3 34. Bd5 Be6 35. Rxb8 Bxd5 0-1

[Event "BL2-Ost 1617"]
[Site "Germany"]
[Date "2017.02.18"]
[Round "7.4"]
[White "Nestorovic, Nikola"]
[Black "Slobodjan, Roman"]
[Result "1/2-1/2"]
[WhiteElo "2507"]
[BlackElo "2464"]
[PlyCount "78"]
[EventDate "2016.10.14"]
[EventType "team-tourn"]
[EventRounds "10"]
[EventCountry "GER"]
[SourceTitle "CBM 177 Extra"]
[Source "ChessBase"]
[SourceDate "2017.04.27"]
[SourceVersion "1"]
[SourceVersionDate "2017.04.27"]
[SourceQuality "1"]
[WhiteTeam "Goeggingen"]
[BlackTeam "Nickelhuette Aue"]
[WhiteTeamCountry "GER"]
[BlackTeamCountry "GER"]

1. e4 e5 2. Nf3 Nc6 3. Bb5 a6 4. Ba4 Nf6 5. d3 d6 6. c3 g6 7. 0-0 Bg7 8. h3 0-0 9. Be3 h6 10. Nbd2 Nd7 11. Nh2 Ne7 12. d4 exd4 13. Bxd4 f5 14. f4 Nf6 15. Bb3+ Kh7 16. g4 fxe4 17. Bxf6 Bxf6 18. Nxe4 Bg7 19. Qe2 d5 20. Rad1 c6 21. Kg2 Qc7 22. Ng3 Rf7 23. Bc2 Bd7 24. f5 gxf5 25. gxf5 Bf6 26. Qh5 Be8 27. Ng4 Ng8 28. Nxh6 Qxg3+ 29. Kxg3 Rg7+ 30. Qg4 Nxh6 31. Qxg7+ Kxg7 32. Kf4 Bd7 33. Rg1+ Kf7 34. c4 Re8 35. cxd5 Be5+ 36. Kg5 Bf6+ 37. Kf4 Be5+ 38. Kg5 Bf6+ 39. Kf4 Be5+ 1/2-1/2

[Event "GER CupT 1617 prel8"]
[Site "Kelheim"]
[Date "2017.01.29"]
[Round "2.1"]
[White "Srba, Milan"]
[Black "Slobodjan, Roman"]
[Result "1/2-1/2"]
[WhiteElo "2206"]
[BlackElo "2458"]
[PlyCount "61"]
[EventDate "2017.01.28"]
[EventType "team-k.o."]
[EventRounds "2"]
[EventCountry "GER"]
[SourceTitle "EXT 2019"]
[Source "ChessBase"]
[SourceDate "2018.10.10"]
[SourceVersion "1"]
[SourceVersionDate "2018.10.10"]
[SourceQuality "1"]
[WhiteTeam "Weiler im Allgaeu"]
[BlackTeam "Aue Nickelhuette"]
[WhiteTeamCountry "GER"]
[BlackTeamCountry "GER"]

1. e4 e5 2. Nf3 Nc6 3. Bb5 Nf6 4. d3 d6 5. c4 g6 6. Nc3 Bg7 7. h3 0-0 8. Bxc6 bxc6 9. 0-0 c5 10. Bg5 h6 11. Bxf6 Bxf6 12. Qd2 Bg5 13. Nxg5 hxg5 14. g4 Kg7 15. f3 Rh8 16. Kg2 Be6 17. b3 a5 18. a3 c6 19. Rh1 Qe7 20. Rab1 Ra7 21. b4 axb4 22. axb4 cxb4 23. Rxb4 d5 24. Nxd5 cxd5 25. exd5 Bxd5 26. cxd5 Ra5 27. Re1 Rxd5 28. Qb2 Rxd3 29. Rxe5 Rd2+ 30. Qxd2 Qxe5 31. Qd4 1/2-1/2

[Event "BL2-Ost 1516"]
[Site "Germany"]
[Date "2016.02.21"]
[Round "10.4"]
[White "Arnaudov, Petar G"]
[Black "Slobodjan, Roman"]
[Result "1-0"]
[WhiteElo "2450"]
[BlackElo "2471"]
[PlyCount "55"]
[EventDate "2015.09.20"]
[EventType "team-tourn"]
[EventRounds "9"]
[EventCountry "GER"]
[SourceTitle "CBM 171 Extra"]
[Source "ChessBase"]
[SourceDate "2016.04.26"]
[SourceVersion "1"]
[SourceVersionDate "2016.04.26"]
[SourceQuality "1"]
[WhiteTeam "Goeggingen"]
[BlackTeam "Nickelhuette Aue"]
[WhiteTeamCountry "GER"]
[BlackTeamCountry "GER"]

1. Nf3 d5 2. c4 e6 3. g3 dxc4 4. Bg2 c5 5. Na3 Nc6 6. Nxc4 Nf6 7. 0-0 Be7 8. b3 0-0 9. Bb2 Bd7 10. d4 cxd4 11. Nxd4 Rc8 12. Rc1 Nxd4 13. Qxd4 Bc6 14. Bxc6 Qxd4 15. Bxd4 Rxc6 16. Ne5 Rxc1 17. Rxc1 Bd6 18. Nd3 Ra8 19. f3 Nd7 20. e4 e5 21. Be3 Kf8 22. Nb2 Ke7 23. Nc4 Rc8 24. Kg2 Ke6 25. f4 exf4 26. gxf4 b5 27. f5+ Ke7 28. f6+ 1-0

[Event "BL2-Ost 1516"]
[Site "Germany"]
[Date "2016.01.31"]
[Round "8.4"]
[White "Slobodjan, Roman"]
[Black "Zysk, Robert"]
[Result "1-0"]
[WhiteElo "2471"]
[BlackElo "2396"]
[PlyCount "81"]
[EventDate "2015.09.20"]
[EventType "team-tourn"]
[EventRounds "9"]
[EventCountry "GER"]
[SourceTitle "CBM 171 Extra"]
[Source "ChessBase"]
[SourceDate "2016.04.26"]
[SourceVersion "1"]
[SourceVersionDate "2016.04.26"]
[SourceQuality "1"]
[WhiteTeam "Nickelhuette Aue"]
[BlackTeam "Zugzwang MSA"]
[WhiteTeamCountry "GER"]
[BlackTeamCountry "GER"]

1. e4 Nf6 2. e5 Nd5 3. d4 d6 4. Nf3 dxe5 5. Nxe5 c6 6. c4 Nf6 7. Nc3 g6 8. Be2 Bg7 9. Bf4 Nbd7 10. Qd2 Nxe5 11. Bxe5 0-0 12. Rd1 Re8 13. h3 Be6 14. 0-0 a6 15. Rfe1 Rc8 16. a3 b5 17. d5 cxd5 18. cxd5 Bd7 19. Qd4 Rf8 20. Bf3 Ne8 21. Qe3 Bxe5 22. Qxe5 Nd6 23. Qxe7 Nc4 24. Qb4 Qb6 25. d6 Be6 26. Nd5 Bxd5 27. Rxd5 Rcd8 28. d7 a5 29. Qxb5 Qxb5 30. Rxb5 Rxd7 31. Bd5 Nd2 32. Rxa5 Rfd8 33. Bc6 Rd6 34. Ra8 Rxa8 35. Bxa8 Nc4 36. Re2 Rb6 37. a4 Nxb2 38. a5 Rb8 39. Be4 Na4 40. a6 Nc3 41. a7 1-0

[Event "BL2-Ost 1516"]
[Site "Germany"]
[Date "2016.01.30"]
[Round "7.4"]
[White "Bredl, Harald"]
[Black "Slobodjan, Roman"]
[Result "1-0"]
[WhiteElo "2341"]
[BlackElo "2471"]
[PlyCount "141"]
[EventDate "2015.09.20"]
[EventType "team-tourn"]
[EventRounds "9"]
[EventCountry "GER"]
[SourceTitle "CBM 171 Extra"]
[Source "ChessBase"]
[SourceDate "2016.04.26"]
[SourceVersion "1"]
[SourceVersionDate "2016.04.26"]
[SourceQuality "1"]
[WhiteTeam "Garching"]
[BlackTeam "Nickelhuette Aue"]
[WhiteTeamCountry "GER"]
[BlackTeamCountry "GER"]

1. d4 Nf6 2. c4 e6 3. Nc3 Bb4 4. Qc2 d5 5. a3 Be7 6. cxd5 exd5 7. Bg5 Nbd7 8. e3 Nf8 9. h3 Ne6 10. Bh4 g6 11. Nf3 c6 12. Be2 Ng7 13. Bg3 Bf5 14. Qc1 Be4 15. Be5 Bxf3 16. Bxf3 Bd6 17. Bxd6 Qxd6 18. 0-0 Nf5 19. b4 Nh4 20. Be2 0-0 21. b5 Rac8 22. Qb2 cxb5 23. Nxb5 Qb6 24. a4 Ne4 25. a5 Qf6 26. Nxa7 Qg5 27. g4 Rc3 28. Ra3 Rxa3 29. Qxa3 Ra8 30. Rc1 Qd8 31. Nb5 Rxa5 32. Qb2 Ng5 33. Kh2 Ngf3+ 34. Bxf3 Nxf3+ 35. Kg3 Ng5 36. Nc3 Qd6+ 37. Kg2 b6 38. Rb1 Qf6 39. f4 Ne4 40. Nxe4 dxe4 41. Qxb6 Ra2+ 42. Kg3 Qxb6 43. Rxb6 Ra3 44. Kf2 Ra2+ 45. Ke1 Ra3 46. Kd2 Ra2+ 47. Kc3 Re2 48. d5 Rxe3+ 49. Kd4 Re1 50. Rb8+ Kg7 51. Re8 Rd1+ 52. Kc5 f5 53. g5 h6 54. h4 hxg5 55. hxg5 Kf7 56. Re5 Ra1 57. d6 Rd1 58. Kc6 Rd3 59. Re7+ Kf8 60. Re6 Kf7 61. Re7+ Kf8 62. Re6 Kf7 63. Kd7 e3 64. Rf6+ Kg7 65. Ke7 Rd4 66. Re6 Re4 67. Rxe4 fxe4 68. d7 e2 69. d8Q e1Q 70. Qf8+ Kh7 71. Kf7 1-0

[Event "BL2-Ost 1415"]
[Site "Germany"]
[Date "2014.12.07"]
[Round "6.3"]
[White "Slobodjan, Roman"]
[Black "Cech, Pavel"]
[Result "1/2-1/2"]
[WhiteElo "2490"]
[BlackElo "2424"]
[PlyCount "60"]
[EventDate "2014.10.18"]
[EventType "team-tourn"]
[EventRounds "10"]
[EventCountry "GER"]
[SourceTitle "CBM 166 Extra"]
[Source "ChessBase"]
[SourceDate "2015.06.18"]
[SourceVersion "1"]
[SourceVersionDate "2015.06.18"]
[SourceQuality "1"]
[WhiteTeam "Aue Nickelhuette"]
[BlackTeam "Bindlach Aktionaer"]
[WhiteTeamCountry "GER"]
[BlackTeamCountry "GER"]

1. e4 e6 2. d4 d5 3. Nc3 Bb4 4. e5 c5 5. dxc5 Ne7 6. Nf3 Nd7 7. Bb5 0-0 8. 0-0 Bxc3 9. Bxd7 Bxb2 10. Bxc8 Bxa1 11. Bxb7 Rb8 12. c6 Bc3 13. Ba3 Ba5 14. c4 Re8 15. Bd6 Bc7 16. c5 Nf5 17. Nd4 Nxd4 18. Qxd4 a5 19. f4 f5 20. exf6 Bxd6 21. cxd6 Qxd6 22. Rc1 gxf6 23. Qxf6 Rxb7 24. cxb7 Qb6+ 25. Kh1 Qxb7 26. Qe5 Qg7 27. Qe1 Qf6 28. Qg3+ Kh8 29. h3 Rg8 30. Qf3 Rf8 1/2-1/2

[Event "BL2-Ost 1415"]
[Site "Germany"]
[Date "2014.12.06"]
[Round "5.3"]
[White "Braeuer, Franz"]
[Black "Slobodjan, Roman"]
[Result "1/2-1/2"]
[WhiteElo "2319"]
[BlackElo "2490"]
[PlyCount "66"]
[EventDate "2014.10.18"]
[EventType "team-tourn"]
[EventRounds "10"]
[EventCountry "GER"]
[SourceTitle "CBM 166 Extra"]
[Source "ChessBase"]
[SourceDate "2015.06.18"]
[SourceVersion "1"]
[SourceVersionDate "2015.06.18"]
[SourceQuality "1"]
[WhiteTeam "Erfurt"]
[BlackTeam "Aue Nickelhuette"]
[WhiteTeamCountry "GER"]
[BlackTeamCountry "GER"]

1. e4 e5 2. Nf3 Nc6 3. d4 exd4 4. Nxd4 Nf6 5. Nxc6 bxc6 6. e5 Qe7 7. Qe2 Nd5 8. c4 Ba6 9. b3 Qh4 10. a3 Bc5 11. g3 Bxf2+ 12. Qxf2 Qe4+ 13. Kd1 Qxh1 14. Nd2 Nc3+ 15. Kc2 Ne4 16. Nxe4 Qxe4+ 17. Bd3 Qg4 18. Bf5 Qh5 19. h4 f6 20. exf6 gxf6 21. Qe1+ Kd8 22. g4 Qf7 23. Qa5 Bc8 24. Bf4 d6 25. Bxd6 Bxf5+ 26. gxf5 Re8 27. Rd1 Re2+ 28. Kc1 Ke8 29. Qa6 Qd7 30. c5 Re3 31. Be5 Rxe5 32. Rxd7 Rxc5+ 33. Kb2 Kxd7 1/2-1/2